| 000 | 00418nam a2200169Ia 4500 | ||
|---|---|---|---|
| 008 | 240729s9999 xx 000 0 und d | ||
| 022 | _a1664-073X | ||
| 245 | 0 | _aQuantum Topology | |
| 260 | _aGermany | ||
| 260 | _bEMS Press | ||
| 650 | _a Mathematics | Science | ||
| 650 | _a Physics | ||
| 650 | _aScience | ||
| 856 | _uhttps://doaj.org/toc/0b459e0600624d9e867fa0aa98a90946 | ||
| 942 | _2ddc | ||
| 942 | _cDOAJEJ | ||
| 999 |
_c65973 _d65973 |
||
| 945 |
_a1 _bMadushi Gamage _c1 _dMadushi Gamage |
||